Problematika analýzy zákazníkov v životnej poisťovni

Konkurencia a marketing v poisťovníctve. Deväť najrozšírenejších odporúčaní pre úspešný marketing v poisťovníctve.

Gespeichert in:
Bibliographische Detailangaben
1. Verfasser: Majtánová, Anna
Weitere Verfasser: Zarembová, Pavla
Format: Buchkapitel
Sprache:Slowakisch
Schlagworte:
Tags: Tag hinzufügen
Keine Tags, Fügen Sie das erste Tag hinzu!

MARC

LEADER 00000naa$a2200000$$$4500
001 0009592
005 20240502071355.3
041 0 |a slo 
044 |a SK 
245 1 0 |a Problematika analýzy zákazníkov v životnej poisťovni  |c aut. Anna Majtánová, Pavla Zarembová 
520 |a Konkurencia a marketing v poisťovníctve. Deväť najrozšírenejších odporúčaní pre úspešný marketing v poisťovníctve. 
610 2 0 |a poistenie životné 
610 2 0 |a služby finančné 
610 2 0 |a analýzy 
610 2 0 |a marketing 
610 2 0 |a konkurencia 
610 2 0 |a poistenci 
100 1 |a Majtánová, Anna 
700 1 |a Zarembová, Pavla